A history of Indian literature: (Record no. 181148)

MARC details
000 -LEADER
fixed length control field 00756nam a22002057a 4500
005 - DATE AND TIME OF LATEST TRANSACTION
control field 20210902152812.0
010 ## - LCCN (DPL NO)
LC control number B-741373
020 ## - INTERNATIONAL STANDARD BOOK NUMBER
International Standard Book Number 9788172010065
Terms of availability 540.00
035 ## - SYSTEM CONTROL NUMBER
System control number B-741373
037 ## - SOURCE OF ACQUISITION
Source of stock number/acquisition Gift
082 ## - DEWEY DECIMAL CLASSIFICATION NUMBER
Classification number 820.9
100 ## - MAIN ENTRY--PERSONAL NAME
Personal name Das, Sisir Kumar
245 ## - TITLE STATEMENT
Title A history of Indian literature:
Remainder of title 1800-1910 western impact: Indian response /
Statement of responsibility, etc by Sisir Kumar Das
260 ## - PUBLICATION, DISTRIBUTION, ETC. (IMPRINT)
Place of publication, distribution, etc New Delhi
Name of publisher, distributor, etc Sahitya Akademi
Date of publication, distribution, etc 2012
270 ## - ADDRESS
Address Rabindra Bhawan, 35 Ferozeshah Road,
City New Delhi
Postal code 110001
300 ## - PHYSICAL DESCRIPTION
Extent xiii, 815p.
Dimensions 24cm(Hb)
500 ## - GENERAL NOTE
General note includes index
942 ## - ADDED ENTRY ELEMENTS (KOHA)
Source of classification or shelving scheme Dewey Decimal Classification
Item type English Books
Call number suffix DAS
Classification part 820.9
Holdings
Withdrawn status Lost status Not for loan Collection code Home library Current library Date acquired Source of acquisition Cost, normal purchase price Full call number Barcode Copy number Cost, replacement price Koha item type Public note
      Non-fiction Central Library Central Library 02/09/2021 Gift/Eng/18-08-2021 540.00 820.9 DAS B-741373 1 540.00 English Books Gift

© Delhi Public Library
Hit Counter
free hit counter